| 000 | 00805nam a22002177a 4500 | ||
|---|---|---|---|
| 005 | 20250711104537.0 | ||
| 008 | 250711b |||||||| |||| 00| 0 eng d | ||
| 020 | _a978-81-7178-589-6(hbk) | ||
| 037 | _cTB | ||
| 040 |
_aCRL _cCRL |
||
| 041 | _2hindi | ||
| 084 |
_aO152,3N37,LP L7;R0 _qCRL |
||
| 100 |
_aअभिमन्यु अनत _9815343 |
||
| 245 | _aलाल पसीना | ||
| 260 |
_aनई दिल्ली, भारत: _bराजकमल प्रकाशन, _c2020. |
||
| 300 | _a363पृ0 | ||
| 365 |
_b895.00 _cINR |
||
| 650 | _2हिन्दी उपन्यास | ||
| 942 |
_2CC _cTB _hO152,3N37,LP L7;R0 _n0 |
||
| 999 |
_c1433566 _d1433566 |
||